Top 10 des destinations touristiques du monde - Statistiques

Statistiques générales
  • Ce quiz a été pris 363 fois
  • Le résultat moyen est 9 sur 10
Statistiques - réponses
Touristes Pays % Correct
89 millions France
100%
84 millions Espagne
97%
79 millions Etats-Unis
97%
65 millions Italie
94%
66 millions Chine
93%
39 millions Royaume-Uni
89%
40 millions Allemagne
84%
45 millions Mexique
80%
40 millions Thaïlande
59%
51 millions Turquie
57%
Aucun quiz correspondant
Distribution des résultats
% des personnes avec chaque résultat
Percentile par nombre de réponses
Votre historique - résultats
Vous n’avez pas pris ce quiz